000
00305nam a2200145Ia 4500
100
_a
Schneier/Brucec
250
_a
2
942
_c
RB
654
_a
cryptography
245
_a
Applied Cryptography:Protocols
260
_b
John Wiley
_c
1996
082
_a
5.82
_b
SCH
300
_a
758
546
_a
ENGLISH
999
_c
24196
_d
24196